| 000 -LEADER |
| fixed length control field |
00715nam a2200229 4500 |
| 003 - CONTROL NUMBER IDENTIFIER |
| control field |
OSt |
| 005 - DATE AND TIME OF LATEST TRANSACTION |
| control field |
20180831110721.0 |
| 008 - FIXED-LENGTH DATA ELEMENTS--GENERAL INFORMATION |
| fixed length control field |
180825b xxu||||| |||| 00| 0 spa d |
| 040 ## - CATALOGING SOURCE |
| Transcribing agency |
PJ |
| 100 ## - ASIENTO PRINCIPAL - NOMBRE DE PERSONA |
| 9 (RLIN) |
1642 |
| Personal name |
Legón, Fernando A. |
| 245 10 - MENCIÓN DE TÍTULO |
| Título propiamente dicho |
La claúsula "sin protesto" / |
| Mención de responsabilidad, etc |
Fernando A. Legón, Raúl A. Baca Castex. |
| 260 ## - PUBLICATION, DISTRIBUTION, ETC. (IMPRINT) |
| Place of publication, distribution, etc |
Buenos Aires : |
| Name of publisher, distributor, etc |
Universidad, |
| Date of publication, distribution, etc |
1969. |
| 300 ## - DESCRIPCION FISICA |
| Extent |
112 p. |
| Dimensions |
20 cm. |
| 500 ## - NOTA GENERAL |
| General note |
Notas y citas a pie de página. |
| 650 #0 - ASIENTO SECUNDARIO DE MATERIA - TERMINO TEMATICO |
| 9 (RLIN) |
1602 |
| Topical term or geographic name as entry element |
DERECHO COMERCIAL |
| 650 #0 - ASIENTO SECUNDARIO DE MATERIA - TERMINO TEMATICO |
| 9 (RLIN) |
1831 |
| Topical term or geographic name as entry element |
TITULOS DE CRÉDITO |
| 650 #0 - ASIENTO SECUNDARIO DE MATERIA - TERMINO TEMATICO |
| 9 (RLIN) |
1859 |
| Topical term or geographic name as entry element |
PAGARÉ |
| 650 #0 - ASIENTO SECUNDARIO DE MATERIA - TERMINO TEMATICO |
| 9 (RLIN) |
1966 |
| Topical term or geographic name as entry element |
PROTESTO |
| 650 #0 - ASIENTO SECUNDARIO DE MATERIA - TERMINO TEMATICO |
| 9 (RLIN) |
1967 |
| Topical term or geographic name as entry element |
CLAÚSULA SIN PROTESTO |
| 700 ## - ADDED ENTRY--PERSONAL NAME |
| 9 (RLIN) |
1968 |
| Personal name |
Baca Castex, Raúl A. |
| 942 ## - ADDED ENTRY ELEMENTS (KOHA) |
| Source of classification or shelving scheme |
|
| Koha item type |
Libros |
| Classification part |
347.746 |
| Item part |
LEG |